Hỏi-đáp về vô tuyến điện thường thức; T2
Shranjeno v:
| Glavni avtor: | |
|---|---|
| Format: | Knjiga |
| Jezik: | Undetermined |
| Izdano: |
Hà Nội
KHKT
1970
|
| Oznake: |
Označite
Brez oznak, prvi označite!
|
| Thư viện lưu trữ: | Trung tâm Học liệu Trường Đại học Cần Thơ |
|---|
| LEADER | 00584nam a2200181Ia 4500 | ||
|---|---|---|---|
| 001 | CTU_14179 | ||
| 008 | 210402s9999 xx 000 0 und d | ||
| 020 | |b ?PL: cắt bớt số cuối (7) sách ở M | ||
| 082 | |a 621.3813 | ||
| 082 | |b N312/T2 | ||
| 100 | |a Nguyễn An Ninh | ||
| 245 | 0 | |a Hỏi-đáp về vô tuyến điện thường thức; T2 | |
| 245 | 0 | |c Nguyễn An Ninh | |
| 260 | |a Hà Nội | ||
| 260 | |b KHKT | ||
| 260 | |c 1970 | ||
| 904 | |i Nguyễn Quang Điền, 961230 | ||
| 980 | |a Trung tâm Học liệu Trường Đại học Cần Thơ | ||